Estudio de pre factibilidad del proyecto revestimiento de 500 m, de calles en el Bo. Bello Amanecer de municipio de Ciudad Sandino, Managua

Realiza un estudio a nivel de prefactibilidad del proyecto revestimiento de 500 m. de pavimento flexible en calles del bo. Bello Amanecer del municipio de Ciudad Sandino, Managua. Presenta un estudio económico-financiero que contempla montos de inversión, ingreso, costos y análisis de los flujos...

Full description

Bibliographic Details
Main Authors: Ocampo Zúniga, David Ernesto, Madrigal Muñoz, Juan francisco
Other Authors: Tutor: Acevedo Ampie, Guillermo José
Format: Tesis Section = Libro
Language:Undetermined
Spanish
Published: Managua UNI 2010
Subjects:
LEADER 01182nam a2200253Ia 4500
008 240830s9999 xx 000 0 und d
040 |a BIBLIOTECA-RUPAP T.Mon 625.8 O15 
041 |a spa 
082 |a T.Mon 625.8 O15 
100 1 |a Ocampo Zúniga, David Ernesto 
100 1 |c Madrigal Muñoz, Juan francisco 
245 1 0 |a Estudio de pre factibilidad del proyecto revestimiento de 500 m, de calles en el Bo. Bello Amanecer de municipio de Ciudad Sandino, Managua 
260 |a Managua  |b UNI  |c 2010 
300 |a 91 p. :il. 
500 |a Contiene: anexos. 
502 |a Tesis (Ingeniero Civil)- UNI, 2010. 
520 3 |a Realiza un estudio a nivel de prefactibilidad del proyecto revestimiento de 500 m. de pavimento flexible en calles del bo. Bello Amanecer del municipio de Ciudad Sandino, Managua. Presenta un estudio económico-financiero que contempla montos de inversión, ingreso, costos y análisis de los flujos de caja del proyecto. 
650 7 |a CONSTRUCCION DE CALLES 
650 7 |b CALLES-MANTENIMIENTO Y REPARACION 
650 7 |c CALLES-CUIDADOS Y REVESTIMIENTO 
700 1 |a Tutor:  |b Acevedo Ampie, Guillermo José 
942 |c BK  |2 ddc 
991 |a TESIS 
999 |c 18240